Movies Quiz

Random Movies or Star Wars Quiz

10 to 1: Star Wars Characters Movie Debuts Quiz Stats

 Plays Quiz Updated May 8, 2019

Score 0/55 Timer 08:00
6 Plays Today
% Correct
C-3PO
93%
Darth Vader
92.3%
Han Solo
92.2%
Luke Skywalker
91.3%
Chewbacca
89.6%
R2-D2
88%
Princess Leia
87.4%
Obi-Wan Kenobi
86.4%
BB-8
80.1%
Rey
79.8%
Kylo Ren
79.2%
Finn
78.9%
Darth Maul
75.4%
Jar Jar Binks
75%
Poe Dameron
73.7%
Qui-Gon Jinn
72.4%
Padmé Amidala
70.5%
Boba Fett
69.1%
Lando Calrissian
68.5%
Captain Phasma
67.5%
Snoke
67.4%
Jabba the Hutt
66.8%
Yoda
65.4%
Grand Moff Tarkin
65.2%
Admiral Ackbar
64.4%
Mace Windu
63.9%
Shmi Skywalker
62.7%
Jyn Erso
62.7%
% Correct
Emperor Palpatine
62.4%
General Hux
60.8%
Count Dooku
60.7%
Maz Kanata
59.9%
K-2SO
56%
Wedge Antilles
55.2%
Jango Fett
55%
Rose Tico
50.4%
Boss Nass
50.2%
Wicket W. Warrick
48.2%
Saw Gerrera
48.1%
General Grievous
47.6%
Mon Mothma
43.6%
Orson Krennic
42.5%
Bail Organa
42%
Bib Fortuna
41.8%
Vice Admiral Holdo
41%
Qi'ra
40.9%
Bodhi Rook
38.5%
Nien Nunb
37.9%
Tobias Beckett
37.8%
Salacious Crumb
36.8%
Admiral Piett
36.5%
Lobot
34.9%
DJ
30.4%
Captain Typho
25.6%
Sio Bibble
23.5%

You're not logged in!

Compare scores with friends on all Sporcle quizzes.
OR
Log In

Sporcle TV

Today on Sporcle TV


Watch our educational content, quiz creation guides, and fun videos on Sporcle TV.

Show Comments

Extras

Top Quizzes Today


Score Distribution

Your Account Isn't Verified!

In order to create a playlist on Sporcle, you need to verify the email address you used during registration. Go to your Sporcle Settings to finish the process.

Report this User

Report this user for behavior that violates our Community Guidelines.

Details: